All PvZ Heroes traits, abilities, and effects - Statistics

General Stats
  • This quiz has been taken 55 times
  • The average score is 15 of 31
Answer Stats
Answer % Correct
strikethrough
94%
deadly
90%
frenzy
87%
armored
81%
double strike
77%
bullseye
68%
untrickable
68%
amphibious
65%
anti-hero
65%
conjure
65%
overshoot
61%
draw
55%
heal
55%
team-up
55%
dino-roar
52%
freeze
52%
gravestone
45%
destroy
39%
bounce
35%
evolution
35%
bonus attack
32%
fusion
32%
splash damage
32%
hunt
23%
make
19%
move
19%
can't be hurt
16%
shuffle
16%
transform
16%
afterlife
13%
shielded
13%
No matching quizzes found
Score Distribution
Percent of People with Each Score
Percentile by Number Answered
Your Score History
You have not taken this quiz